Giro del Mondo musicale - Statistics

Statistiche generali
  • Questo quiz è stato fatto 300 volte
  • Il punteggio medio è 14 su 48
Statistiche sulle risposte
Band e cantanti Nazione % Corretto
Enzo Jannacci Italia
86%
Michael Jackson Usa
77%
Beatles Inghilterra
76%
Abba Svezia
72%
Bob Marley Giamaica
71%
Shakira Colombia
70%
PSY Corea del Sud
62%
Stromae Belgio
49%
Ac/Dc Australia
47%
Rihanna Barbados
46%
Cranberries Irlanda del Nord
46%
Bjork Islanda
43%
Santana Messico
41%
Demetrio Stratos Grecia
35%
Ricky Martin Porto Rico
31%
Little Tony San Marino
30%
Scorpions Germania
29%
Bryan Adams Canada
28%
Lorde Nuova Zelanda
27%
George Brassens Francia
25%
Haiducii Romania
25%
Inti Illimani Cile
24%
Falco Austria
23%
A-Ha Norvegia
23%
Eurythmics Scozia
22%
Noa Israele
21%
Tom Jones Galles
20%
Serebro Russia
19%
Antonio Carlos Jobim Brasile
18%
Gloria Estefan Cuba
18%
Nicky Minaj Trinidad e Tobago
17%
Cheb Khaled Algeria
16%
Miriam Makeba Sudafrica
16%
Pogues Irlanda
15%
Youssou N'Dour Senegal
15%
La Mosca Tze Tze Argentina
13%
Boomfunk MC Finlandia
11%
Bahamen Bahamas
10%
Cartoons Danimarca
10%
Pizzicato 5 Giappone
10%
Mc Miker and Dj Sven Olanda
10%
Double Svizzera
9%
Juan Luis Guerra Repubblica Dominicana
7%
Cesaria Evora Capo Verde
5%
Afric Simone Haiti
5%
Cecilia gayle Costa Rica
4%
Angelique Kidjo Benin
3%
Alpha Blondy Costa D'Avorio
3%
Nessun quiz corrispondente trovato
Distribuzione punteggi
Percentuale di utenti per punteggio
Percentile per numero di risposta
I tuoi punteggi nel tempo
Non hai fatto questo quiz